000 01029nmm a2200277 a 4500
001 ocm000610317
003 TR-IsHL
005 20201028124846.0
008 130902s2012 tu tur
007 cr cn
020 _a9786054392605
035 _a610317
_b(N$T)
050 0 4 _aPK6480.T9
_bM48 2012
090 0 4 _aPK6480.T9
_bM48 2012
245 1 0 _aHz. Mevlana'nın özlü sözlerinden ve şiirlerindenen güzel seçmeler
_h[electronic resource] /
_chaz. Mehmet Alim Konukçu
250 _a1.bs.
260 _aKonya :
_bEğitim Akademi Yayınevi,
_c2012
300 _a111 p.
650 4 _aFelsefe, Psikoloji ve Din
650 4 _aPhilosophy, Psychology and Religion
650 0 _aMevlana Celaleddin Rumi, 1207-1273
_x Özlü sözler
_x Hikayeler
650 0 _aJalal al-Din Rumi, Maulana, 1207-1273
_x Beautiful words
_x Stories
650 7 _aRELIGION / Philosophy
_2bisacsh
700 1 _aKonukçu, Mehmet Alim
856 4 0 _uhttp://search.ebscohost.com/login.aspx?direct=true&scope=site&db=e011xww&AN=610317
999 _c3174
_d3174